000 01270cam a2200361 i 4500
001 768714001
003 CO-MdFUSB
005 20241019113154.0
007 ta
008 161006t2005 -us |||g |||| 00| 0 eng d
020 _a978-0-8006-3766-8
040 _aCO-MdFUSB
_bEspañol
_cCO-MdFUSB
_dCO-MdFUSB
_erda
041 _aeng
082 _224
_a225.92
_bW947p
100 1 _aWright, N. T.
_eautor
245 1 0 _aPaul
_b : in fresh perspective
_c/ N. T. Wright
264 1 _aMinneapolis, Minnesota :
_bFortress Press,
_c℗[2005]
264 4 _c©2005
300 _a195 páginas
_c: 23 cm
336 _2rdacontent
_atexto
_btxt
337 _2rdamedia
_asin mediación
_bn
338 _2rdacarrier
_avolumen
_bnc
504 _aIncluye índices (páginas: 185-195)
505 _aEl mundo de Pablo, el legado de Pablo - La creación y pacto - El Mesías apocalíptico - Evangelio e imperio - Repensando a Dios - Reelaboración del pueblo de Dios - Reimaginando el futuro de Dios - Jesús, Pablo y la tarea de la iglesia
563 _aPasta dura
600 0 7 _aPablo,
_cSanto
600 0 7 _aJesucristo
630 0 _aBiblia.
_pNuevo Testamento
_xBiografía
653 _aNew Testament -- biography
942 _cBK
945 _aJTF-925
999 _c46754
_d46754